000 01402nam a2200397 c 4500
001 53000
003 ES-MaCES
005 20250203132934.0
008 240118s2023 sp 100 0 s d
017 _aM 26531-2023
_bDL
020 _a9788419446787
040 _aES-MaCES
_bspa
_cES-MaCES
041 0 _aspa
_aeng
111 2 _940866
_aXVI Curso sobre Régimen Jurídico de Universidades
_n16º
_d2023
_cPalma (Illes Balears)
245 0 3 _aEl futuro del sistema universitario español y su nuevo marco jurídico
_b
_cActas del XVI Curso sobre Régimen Jurídico de Universidades, Universitat de les Illes Balears, 25 y 26 de mayo de 2023 ; dir. Ana I. Caro Muñoz
250 _a1ª ed
260 _aLas Rozas (Madrid)
_bWolters Kluwer
_c2023
300 _a323p.
_c24 cm
500 _aResumen por capts. en español e inglés
504 _aBibliografía
541 _cCompra
650 4 _auniversidad
_927434
650 4 _aenseñanza superior
_927379
650 4 _areforma educativa
_927374
650 4 _aadministración educativa
_927207
650 4 _acertificado
_926767
650 4 _aestudiante
_927441
650 4 _apersonal docente
_929286
650 4 _aEspaña
_926964
650 4 _arégimen jurídico
_929894
650 4 _aconferencia
_927013
653 1 0 _aEducación
700 1 _99036
_aCaro Muñoz, Ana Isabel
_edir.
902 _aLIB Libro
942 _2CES
_cBK
_h4.0.
999 _c53000
_d53000